000 00298nam a22001337a 4500
008 171009b xxu||||| |||| 00| 0 eng d
020 _a9780077372552
041 _aeng
080 _a159.9
100 _a49
101 _aPSI
245 _aPSYCHOLOGY AND YOUR LIFE
_cFELDMAN, R.S
942 _2udc
_cBK
999 _c32595
_d32595